[Event "Politiken Cup 2007"]
[Site "Helsingor"]
[Date "2007.07.21"]
[Round "1.98"]
[White "Moustgaard, Alvin"]
[Black "Rasmussen, Uffe"]
[Result "0-1"]
[WhiteElo "1607"]
[BlackElo "2136"]
[PlyCount "32"]
[EventDate "2007.??.??"]

1. e4 e6 2. d4 d5 3. Nd2 Nf6 4. e5 Nfd7 5. Ngf3 c5 6. c3 Nc6 7. Bd3 cxd4 8.
cxd4 Qb6 9. Nb3 a5 10. a4 Bb4+ 11. Kf1 f6 12. Bf4 Be7 13. Rc1 fxe5 14. Nxe5
Ndxe5 15. dxe5 O-O 16. Be3 Qxe3 0-1

[Event "Politiken Cup 2007"]
[Site "Helsingor"]
[Date "2007.07.21"]
[Round "1.99"]
[White "Nielsen, Borge Hjerrild"]
[Black "Mæchel, Michael"]
[Result "1-0"]
[WhiteElo "2121"]
[BlackElo "1605"]
[PlyCount "129"]
[EventDate "2007.??.??"]

1. d4 Nf6 2. c4 e5 3. dxe5 Ng4 4. Bf4 Bb4+ 5. Nd2 Nc6 6. Ngf3 Qe7 7. e3 Ngxe5
8. Nxe5 Nxe5 9. Be2 d6 10. O-O O-O 11. Nb3 Nd7 12. Bf3 Ne5 13. Be2 Nd7 14. a3
Bc5 15. Nxc5 Nxc5 16. Bf3 Bf5 17. b4 Ne4 18. Qd4 Bg6 19. Rfd1 Rfd8 20. Rac1 a5
21. Qb2 axb4 22. axb4 Ra7 23. Ra1 Rda8 24. Rxa7 Rxa7 25. Ra1 Rxa1+ 26. Qxa1 Qe8
27. Qa7 Qc8 28. h3 h6 29. Qd4 Qe6 30. Be2 c5 31. Qb2 cxb4 32. Qxb4 Nc5 33. Qd2
Ne4 34. Qd4 Qe7 35. f3 Ng5 36. Qxd6 Qe8 37. Qb8 Qxb8 38. Bxb8 Ne6 39. Bd6 f6
40. c5 Nd8 41. Kf2 Bf7 42. Bd3 Nc6 43. Bf5 Nd8 44. Bc7 Ne6 45. Bb6 Ng5 46. Bc8
Bd5 47. e4 Bc6 48. h4 Nf7 49. Bc7 Kf8 50. Ke3 Ne5 51. Bxe5 fxe5 52. f4 exf4+
53. Kxf4 Ke7 54. Ke5 g6 55. g3 h5 56. Bh3 Bb5 57. Be6 Bd3 58. Bd5 Ba6 59. Kf4
Kf6 60. e5+ Kg7 61. Kg5 Kh7 62. Kf6 Kh6 63. e6 Bb5 64. Bxb7 Be8 65. c6 1-0

[Event "Politiken Cup 2007"]
[Site "Helsingor"]
[Date "2007.07.21"]
[Round "1.100"]
[White "Christensen, Christoffer E"]
[Black "Finnlaugsson, Gunnar"]
[Result "0-1"]
[WhiteElo "1581"]
[BlackElo "2116"]
[PlyCount "92"]
[EventDate "2007.??.??"]

1. d4 Nf6 2. Nf3 c5 3. e3 b6 4. b3 Bb7 5. Bb2 e6 6. Nbd2 Be7 7. Bd3 d6 8. O-O
Nbd7 9. c4 O-O 10. Qc2 h6 11. Rab1 Rc8 12. Rfc1 Qc7 13. Ba1 cxd4 14. Nxd4 Nc5
15. Be2 Qb8 16. Bf3 d5 17. Qd1 Rfd8 18. Qe2 Bf8 19. Rc2 Nce4 20. Rbc1 Bb4 21.
Bxe4 dxe4 22. Bb2 Be7 23. Nb5 a6 24. Ba3 Bxa3 25. Nxa3 Qe5 26. Rc3 Qa5 27. Ndb1
Rd7 28. Re1 Rcd8 29. Rcc1 Rd2 30. Nxd2 Rxd2 31. Qf1 Qxa3 32. Red1 Rxa2 33. Ra1
Qxb3 34. Rxa2 Qxa2 35. Rb1 Qa5 36. Qd1 b5 37. Qb3 Bc6 38. c5 Nd5 39. Qd1 b4 40.
Qd4 Qb5 41. f3 Nc3 42. Qd8+ Kh7 43. Rb2 Qxc5 44. Qd2 exf3 45. gxf3 Bxf3 46.
Qd3+ Be4 0-1

[Event "Politiken Cup 2007"]
[Site "Helsingor"]
[Date "2007.07.21"]
[Round "1.101"]
[White "Nielsen, Carsten Juul"]
[Black "van Veelen, Jouke"]
[Result "1/2-1/2"]
[WhiteElo "2115"]
[BlackElo "1565"]
[PlyCount "92"]
[EventDate "2007.??.??"]

1. d4 d5 2. c4 c6 3. Nc3 Nf6 4. e3 Nbd7 5. Nf3 e6 6. Bd3 dxc4 7. Bxc4 b5 8. Bd3
a6 9. O-O Bb7 10. b3 Nd5 11. Ne2 Be7 12. e4 Nb4 13. Bb1 c5 14. a3 Nc6 15. Bb2
cxd4 16. Nexd4 Nxd4 17. Qxd4 Nf6 18. Qe3 O-O 19. Bc2 Rc8 20. Rad1 Qc7 21. Bb1
Ng4 22. Qe2 Bf6 23. Bxf6 Nxf6 24. Rfe1 Rfd8 25. Rxd8+ Rxd8 26. e5 Nd7 27. Qd3
Nf8 28. Qe3 Rc8 29. Nd4 Qc3 30. Qxc3 Rxc3 31. f4 Bd5 32. Bc2 Ng6 33. g3 Ne7 34.
Rd1 g6 35. Rd3 Rc5 36. Bd1 Nc6 37. Nxc6 Rxc6 38. Kf2 Kf8 39. Ke3 Ke7 40. Kd2 a5
41. Bf3 Bxf3 42. Rxf3 Kd7 43. Rd3+ Kc7 44. Rd4 Rc5 45. Rd6 Rc6 46. Rd4 Rc5
1/2-1/2

[Event "Politiken Cup 2007"]
[Site "Helsingor"]
[Date "2007.07.21"]
[Round "1.102"]
[White "Helgadottir, Sigridur Bjorg"]
[Black "Jonsson, Krister"]
[Result "1-0"]
[WhiteElo "1564"]
[BlackElo "2114"]
[PlyCount "51"]
[EventDate "2007.??.??"]

1. c4 c5 2. Nc3 Nc6 3. g3 g6 4. Bg2 Bg7 5. d3 e5 6. e4 Nge7 7. f4 d6 8. Nf3 O-O
9. O-O Rb8 10. Be3 Nd4 11. Qd2 a6 12. Rf2 b5 13. Raf1 Bg4 14. Nh4 Qd7 15. f5
gxf5 16. h3 f4 17. gxf4 exf4 18. Bxf4 Be6 19. Bh6 Be5 20. Nd5 Bxd5 21. cxd5 f6
22. Bxf8 Rxf8 23. Qh6 Rf7 24. Bh1 Kh8 25. Rg2 Qxh3 26. Ng6+ 1-0

[Event "Politiken Cup 2007"]
[Site "Helsingor"]
[Date "2007.07.21"]
[Round "1.103"]
[White "Nielsen, Jacob Woge"]
[Black "Hlynsson, Hugi"]
[Result "1-0"]
[WhiteElo "2111"]
[BlackElo "1560"]
[PlyCount "41"]
[EventDate "2007.??.??"]

1. e4 c5 2. Nf3 Nc6 3. d4 e6 4. d5 Nb8 5. c4 b6 6. Nc3 d6 7. dxe6 fxe6 8. e5
Nc6 9. Bf4 dxe5 10. Qxd8+ Nxd8 11. Nxe5 Nf6 12. Nb5 Ke7 13. O-O-O Bb7 14. Bg5
Bc6 15. Rxd8 Kxd8 16. Nxc6+ Kd7 17. Ne5+ Ke7 18. Be2 a6 19. Bf3 Rc8 20. Bb7 Re8
21. Rd1 1-0

[Event "Politiken Cup 2007"]
[Site "Helsingor"]
[Date "2007.07.21"]
[Round "1.104"]
[White "Clausen, Jørgen"]
[Black "Struch, Thomas"]
[Result "0-1"]
[WhiteElo "1543"]
[BlackElo "2106"]
[PlyCount "38"]
[EventDate "2007.??.??"]

1. d4 d5 2. c4 dxc4 3. e4 e5 4. d5 Nf6 5. Nc3 Bc5 6. h3 Qd6 7. a3 Nbd7 8. Bxc4
Bxf2+ 9. Ke2 Qc5 10. Bd3 Nh5 11. Nf3 Ng3+ 12. Kd2 Nxh1 13. Qxh1 Be3+ 14. Ke2
Bd4 15. Bd2 a6 16. Rc1 Qd6 17. Qf1 O-O 18. Be3 Bxe3 19. Kxe3 Qb6+ 0-1

[Event "Politiken Cup 2007"]
[Site "Helsingor"]
[Date "2007.07.21"]
[Round "1.105"]
[White "Cannon, Richard J"]
[Black "Suntharalingam, Jathavan"]
[Result "1-0"]
[WhiteElo "2104"]
[BlackElo "1540"]
[PlyCount "133"]
[EventDate "2007.??.??"]

1. e4 c5 2. Nf3 e6 3. d4 cxd4 4. Nxd4 Nf6 5. Nc3 Nc6 6. Ndb5 Bb4 7. a3 Bxc3+ 8.
Nxc3 d5 9. exd5 exd5 10. Bd3 Bg4 11. f3 Bh5 12. O-O O-O 13. Kh1 d4 14. Ne2 Re8
15. Bg5 Qd6 16. Qd2 h6 17. Bxh6 gxh6 18. Qxh6 Ne5 19. Bh7+ Kh8 20. Nf4 Rad8 21.
Bg6+ Kg8 22. Nxh5 Nxh5 23. Qh7+ Kf8 24. Bxh5 Re6 25. Rae1 Rh6 26. Qf5 Ng6 27.
f4 Kg7 28. Bxg6 Rxg6 29. Qe5+ Qxe5 30. fxe5 Rc8 31. Rf2 Rgc6 32. Ref1 R8c7 33.
Rd2 Rc4 34. b3 Rxc2 35. Rxd4 Rc1 36. Rg4+ Kf8 37. Kg1 Rxf1+ 38. Kxf1 Rc3 39.
Rb4 b6 40. Ke2 Rc2+ 41. Kf3 Rc3+ 42. Ke4 Rc2 43. Kd5 Rxg2 44. Kc6 Rxh2 45. Kb7
Rh5 46. Kxa7 Rxe5 47. Kxb6 f5 48. Rf4 Ke7 49. a4 Ke6 50. a5 Kf6 51. a6 Re6+ 52.
Ka5 Re5+ 53. Ka4 Re6 54. Kb5 Re5+ 55. Kc6 Re6+ 56. Kb7 Re7+ 57. Kc8 Re8+ 58.
Kd7 Re7+ 59. Kd8 Ra7 60. Ra4 Ke5 61. Kc8 f4 62. Kb8 Rh7 63. a7 f3 64. a8=Q Rh8+
65. Kb7 Rxa8 66. Rxa8 f2 67. Rf8 1-0

[Event "Politiken Cup 2007"]
[Site "Helsingor"]
[Date "2007.07.21"]
[Round "1.106"]
[White "Christensen, Casper"]
[Black "Borg, Andrew"]
[Result "0-1"]
[WhiteElo "1524"]
[BlackElo "2102"]
[PlyCount "132"]
[EventDate "2007.??.??"]

1. d4 d5 2. Bf4 Nf6 3. e3 c6 4. Bd3 Bg4 5. Ne2 Qb6 6. Qc1 Na6 7. a3 c5 8. c4
Bxe2 9. Bxe2 cxd4 10. Qd2 dxe3 11. Bxe3 Qd6 12. Bf3 Nc7 13. Nc3 dxc4 14. Qxd6
exd6 15. Bxb7 Rb8 16. Bc6+ Kd8 17. Rb1 a6 18. Ba7 Rb3 19. O-O Nb5 20. Nxb5 axb5
21. Bb6+ Kc8 22. Rfc1 Nd7 23. Ba5 Ne5 24. Bd5 Be7 25. a4 Rd3 26. Be4 Rd4 27.
Bf5+ Kb7 28. axb5 Rf4 29. Bc2 Rc8 30. Re1 Bd8 31. Bd2 Rh4 32. Be3 Bb6 33. Bg5
Rg4 34. Be4+ Kc7 35. Bd2 g6 36. Rbc1 f5 37. Bb1 Nf3+ 38. Kh1 Nxe1 39. Bxe1 Kd7
40. f3 Rg5 41. h4 Rh5 42. g3 f4 43. gxf4 Rxb5 44. Rc2 Bd4 45. Bc3 Bxc3 46. Rxc3
Rxb2 47. Be4 Rb3 48. Rc1 c3 49. f5 Ke7 50. fxg6 hxg6 51. Bxg6 Kf6 52. h5 c2 53.
Kg2 Rbc3 54. f4 R8c4 55. Kg1 Rd4 56. Rxc2 Rxc2 57. Bxc2 Rxf4 58. h6 Rc4 59. Bd3
Rd4 60. Bc2 Kg5 61. h7 Rh4 62. Kf2 Kf4 63. Ke2 d5 64. Kd2 Ke5 65. Bg6 Kd4 66.
Ke2 Rh6 0-1

[Event "Politiken Cup 2007"]
[Site "Helsingor"]
[Date "2007.07.21"]
[Round "1.107"]
[White "Pedersen, Dimon Paul"]
[Black "Jogvansson, Hjalti Toftum"]
[Result "1-0"]
[WhiteElo "2092"]
[BlackElo "1519"]
[PlyCount "91"]
[EventDate "2007.??.??"]

1. c4 c5 2. g3 Nc6 3. Bg2 g6 4. Nc3 Bg7 5. a3 d6 6. Rb1 Qb6 7. Nd5 Qd8 8. Nf3
Nf6 9. Nxf6+ Bxf6 10. b4 Qb6 11. Bb2 Bxb2 12. Rxb2 O-O 13. Qb3 cxb4 14. axb4 a5
15. b5 Nd8 16. O-O e5 17. Ng5 Ne6 18. Ne4 Nd4 19. Qd3 f5 20. Nc3 e4 21. Qe3 a4
22. d3 exd3 23. Bd5+ Kh8 24. Qxd3 Ne6 25. Ra2 a3 26. Nb1 Qd4 27. Qxd4+ Nxd4 28.
e3 Nc2 29. Rxc2 a2 30. Na3 Rxa3 31. Ra1 Re8 32. Rcxa2 Rxa2 33. Rxa2 Be6 34.
Bxe6 Rxe6 35. Ra8+ Kg7 36. Rb8 Re7 37. Rd8 Rc7 38. Rxd6 Kf7 39. Rb6 Ke8 40. Kf1
Kd7 41. Ke2 Rxc4 42. Rxb7+ Rc7 43. Rxc7+ Kxc7 44. Kf3 Kb6 45. Kf4 h6 46. Ke5
1-0

[Event "Politiken Cup 2007"]
[Site "Helsingor"]
[Date "2007.07.21"]
[Round "1.108"]
[White "Christensen, Simon Ellegaard"]
[Black "Carnstam, Tomas"]
[Result "0-1"]
[WhiteElo "1508"]
[BlackElo "2091"]
[PlyCount "120"]
[EventDate "2007.??.??"]

1. d4 d5 2. Nf3 Nf6 3. Bf4 Bf5 4. h3 e6 5. e3 c6 6. c3 Nbd7 7. Bd3 Ne4 8. Qc2
g5 9. Bh2 Qb6 10. Ne5 Nxe5 11. Bxe5 f6 12. Bh2 Nd6 13. Bxf5 Nxf5 14. Nd2 Qa6
15. e4 Nd6 16. e5 Nf7 17. exf6 O-O-O 18. Nf3 Bd6 19. Bxd6 Nxd6 20. Nxg5 h6 21.
Nf3 Rdf8 22. Qe2 Qxe2+ 23. Kxe2 Rxf6 24. Nd2 Rhf8 25. f3 e5 26. dxe5 Re8 27.
Rae1 Rxe5+ 28. Kf2 Nf7 29. Re3 Rxe3 30. Kxe3 Re6+ 31. Kf2 Ne5 32. Rb1 Nd3+ 33.
Kf1 c5 34. b3 Nf4 35. g3 Nxh3 36. Re1 Ng5 37. f4 Rxe1+ 38. Kxe1 Ne6 39. Nf3 Kd7
40. Ke2 Ng7 41. g4 Ke6 42. b4 b6 43. Ke3 h5 44. bxc5 bxc5 45. gxh5 Nxh5 46. Ne5
Nf6 47. Nc6 a6 48. Nb8 a5 49. a4 Kd6 50. f5 Kc7 51. Kf4 Kxb8 52. Ke5 d4 53.
cxd4 Nd7+ 54. Kd6 cxd4 55. Kxd7 d3 56. f6 d2 57. f7 d1=Q+ 58. Ke7 Qe2+ 59. Kd7
Qg4+ 60. Ke7 Qb4+ 0-1

[Event "Politiken Cup 2007"]
[Site "Helsingor"]
[Date "2007.07.21"]
[Round "1.109"]
[White "Hirneise, Jens"]
[Black "Nielsen, Poul Bang"]
[Result "1-0"]
[WhiteElo "2090"]
[BlackElo "1506"]
[PlyCount "123"]
[EventDate "2007.??.??"]

1. e4 c5 2. Nf3 a6 3. c4 Nc6 4. Nc3 e6 5. g3 Be7 6. Bg2 Qc7 7. O-O b6 8. d3 Bb7
9. Be3 Bf6 10. Rc1 Nge7 11. d4 cxd4 12. Nxd4 Nxd4 13. Bxd4 e5 14. Nd5 Nxd5 15.
cxd5 Qd8 16. Be3 d6 17. Qb3 b5 18. a4 Qd7 19. axb5 axb5 20. Rfd1 O-O 21. Bf1
Qg4 22. Bxb5 Rfb8 23. Qd3 h5 24. Kg2 Bc8 25. Bd2 h4 26. Bc6 Ra7 27. b4 Qh3+ 28.
Kg1 Bg4 29. Qf1 hxg3 30. Qxh3 Bxh3 31. hxg3 Ra2 32. Ra1 Rc2 33. Ba4 Rb2 34.
Rab1 Ra2 35. Bb3 Ra3 36. Rdc1 Bg4 37. Kg2 Be2 38. f3 Bd8 39. Bd1 Bd3 40. Rb3
Rxb3 41. Bxb3 Bb5 42. Bc4 Bd7 43. Ra1 Kf8 44. f4 Rc8 45. Bd3 Ke8 46. Ra6 Be7
47. b5 Rb8 48. Bb4 Bxb5 49. Bxb5+ Rxb5 50. Bxd6 Bxd6 51. Rxd6 Rb4 52. Kf3 Rb3+
53. Kg4 Re3 54. Kf5 exf4 55. gxf4 g6+ 56. Ke5 Ke7 57. Ra6 f6+ 58. Rxf6 Rxe4+
59. Kxe4 Kxf6 60. Kd4 Ke7 61. Ke5 Kf7 62. d6 1-0

[Event "Politiken Cup 2007"]
[Site "Helsingor"]
[Date "2007.07.21"]
[Round "1.110"]
[White "Hrafnkelsson, Gisli"]
[Black "Nohr, Finn"]
[Result "0-1"]
[WhiteElo "1505"]
[BlackElo "2087"]
[PlyCount "40"]
[EventDate "2007.??.??"]

1. e4 e5 2. Nf3 Nc6 3. Bb5 a6 4. Ba4 Nf6 5. O-O Be7 6. Re1 b5 7. Bb3 d6 8. c3
O-O 9. d4 Bg4 10. d5 Na5 11. Bc2 c6 12. dxc6 Nxc6 13. Nbd2 Qc7 14. Nf1 Rfd8 15.
Ng3 b4 16. h3 Be6 17. cxb4 Nxb4 18. Bd3 d5 19. Qe2 Nxd3 20. Qxd3 dxe4 0-1

[Event "Politiken Cup 2007"]
[Site "Helsingor"]
[Date "2007.07.21"]
[Round "1.111"]
[White "Jensen, Michael Agermose"]
[Black "Olafsson, Olafur"]
[Result "1-0"]
[WhiteElo "2086"]
[BlackElo "1500"]
[PlyCount "27"]
[EventDate "2007.??.??"]

1. e4 c5 2. Nf3 d6 3. d4 cxd4 4. Nxd4 a6 5. Bc4 e5 6. Nf3 Bg4 7. Bxf7+ Kxf7 8.
Nxe5+ Ke8 9. Nxg4 h6 10. O-O Nf6 11. Nxf6+ Qxf6 12. Nc3 Nc6 13. Nd5 Qd8 14.
Qh5+ 1-0

[Event "Politiken Cup 2007"]
[Site "Helsingor"]
[Date "2007.07.21"]
[Round "1.112"]
[White "Hinman, Chris"]
[Black "Andersen, Lars Rene"]
[Result "0-1"]
[WhiteElo "1478"]
[BlackElo "2081"]
[PlyCount "84"]
[EventDate "2007.??.??"]

1. c4 c6 2. g3 d5 3. cxd5 cxd5 4. Bg2 Nf6 5. Nf3 Nc6 6. O-O e5 7. d3 Bd6 8. Qb3
O-O 9. Bg5 Na5 10. Qc3 d4 11. Qc2 h6 12. Bxf6 Qxf6 13. Nbd2 Qe7 14. a3 Be6 15.
b4 Nc6 16. e3 Rac8 17. Qb2 dxe3 18. fxe3 Bb8 19. d4 exd4 20. exd4 Rfd8 21. Rad1
Bd5 22. Rfe1 Qd7 23. Ne4 b6 24. Ne5 Qf5 25. Nxc6 Rxc6 26. Rf1 Qg4 27. Nc3 Bxg2
28. Kxg2 Rxd4 29. Ne2 Qe4+ 30. Kg1 Rxd1 31. Rxd1 Rc2 32. Rd8+ Kh7 33. Qd4 Qxe2
34. Qd3+ Qxd3 35. Rxd3 Ra2 36. Rd8 Be5 37. Rd7 Rxa3 38. Rxf7 a5 39. b5 Ra2 40.
Rd7 Bc3 41. Rd6 Bb4 42. Rd1 a4 0-1

[Event "Politiken Cup 2007"]
[Site "Helsingor"]
[Date "2007.07.21"]
[Round "1.113"]
[White "Strand, Kjetil"]
[Black "Gade, Jens"]
[Result "1-0"]
[WhiteElo "2081"]
[BlackElo "1462"]
[PlyCount "37"]
[EventDate "2007.??.??"]

1. e4 c5 2. Nf3 d6 3. d4 cxd4 4. Nxd4 Nf6 5. Nc3 a6 6. Bc4 e6 7. O-O Be7 8. Bb3
O-O 9. Bg5 Bd7 10. f4 e5 11. Nde2 Ng4 12. Bxe7 Qb6+ 13. Kh1 Ne3 14. Qxd6 Qxd6
15. Bxd6 Nxf1 16. Bxf8 Nd2 17. Bd6 exf4 18. Bd5 Nc6 19. Bxf4 1-0

[Event "Politiken Cup 2007"]
[Site "Helsingor"]
[Date "2007.07.21"]
[Round "1.114"]
[White "Pallesen, Jørn"]
[Black "Roder, Peter"]
[Result "0-1"]
[WhiteElo "1462"]
[BlackElo "2080"]
[PlyCount "58"]
[EventDate "2007.??.??"]

1. e4 c5 2. Nf3 d6 3. Nc3 Nc6 4. d4 cxd4 5. Nxd4 Nf6 6. Bc4 g6 7. f3 Bg7 8. Be3
O-O 9. Qd2 Ne5 10. Bb3 Bd7 11. O-O Rc8 12. Rad1 Nc4 13. Bxc4 Rxc4 14. Nde2 b6
15. Bh6 Qc7 16. Bxg7 Kxg7 17. Nf4 Qc5+ 18. Kh1 Be6 19. Nxe6+ fxe6 20. Qe2 Rc8
21. Rfe1 Qe5 22. Rd2 b5 23. Nd1 b4 24. c3 bxc3 25. Nxc3 Nh5 26. g3 R8c5 27. Nb5
Nxg3+ 28. hxg3 Qxg3 29. f4 Rh5+ 0-1

[Event "Politiken Cup 2007"]
[Site "Helsingor"]
[Date "2007.07.21"]
[Round "1.115"]
[White "Orndahl, Markus"]
[Black "Hirneise, Lothar"]
[Result "1-0"]
[WhiteElo "2078"]
[BlackElo "1450"]
[PlyCount "81"]
[EventDate "2007.??.??"]

1. e4 d5 2. d4 dxe4 3. Nc3 Nf6 4. h3 Nc6 5. Be3 Bf5 6. g4 Bg6 7. Nge2 e5 8. g5
exd4 9. Nxd4 Nxd4 10. Qxd4 Qxd4 11. Bxd4 Nh5 12. O-O-O f5 13. Nb5 Bd6 14. Bxa7
Bf4+ 15. Kb1 c6 16. Bc5 Ra5 17. Bb6 Ra8 18. Nd6+ Bxd6 19. Rxd6 Ke7 20. Rd4 Bf7
21. b3 Nf4 22. Rd2 Bd5 23. Rg1 Kf7 24. a4 Rhe8 25. a5 Rac8 26. b4 Re7 27. c4
Be6 28. Kc2 Rd7 29. Rxd7+ Bxd7 30. h4 Re8 31. Rg3 Re6 32. Rc3 h6 33. Bc7 Ng6
34. h5 Nf8 35. g6+ Kf6 36. Bb6 Bc8 37. Bd4+ Kg5 38. Bxg7 Nd7 39. Rg3+ Kxh5 40.
Be2+ Kh4 41. Bxh6 1-0

[Event "Politiken Cup 2007"]
[Site "Helsingor"]
[Date "2007.07.21"]
[Round "1.116"]
[White "Guttulsrud, Odd Martin"]
[Black "Lubbers, Johan"]
[Result "1-0"]
[WhiteElo "1426"]
[BlackElo "2077"]
[PlyCount "68"]
[EventDate "2007.??.??"]

1. e4 c5 2. Nf3 d6 3. d4 cxd4 4. Nxd4 Nf6 5. Nc3 g6 6. Be3 Bg7 7. f3 O-O 8. Qd2
Nc6 9. O-O-O Bd7 10. g4 Ne5 11. h4 Qa5 12. h5 Rfc8 13. hxg6 fxg6 14. Nb3 Qc7
15. Be2 Be6 16. Nb5 Qb8 17. N3d4 Bc4 18. Nc3 b5 19. Bxc4+ Nxc4 20. Qe2 b4 21.
Nd5 Nxd5 22. exd5 Qc7 23. Bh6 Be5 24. f4 Qa5 25. Kb1 Na3+ 26. bxa3 bxa3 27.
fxe5 Qc3 28. Bc1 dxe5 29. Nb3 a5 30. Bxa3 a4 31. Bb2 Qc7 32. Qxe5 Qxe5 33. Bxe5
axb3 34. axb3 Ra5 1-0

[Event "Politiken Cup 2007"]
[Site "Helsingor"]
[Date "2007.07.21"]
[Round "1.117"]
[White "Hensbergen, Willem"]
[Black "Rydberg, Dennis"]
[Result "1-0"]
[WhiteElo "2076"]
[BlackElo "1410"]
[PlyCount "83"]
[EventDate "2007.??.??"]

1. d4 Nf6 2. c4 e6 3. Nc3 Bb4 4. f3 d5 5. a3 Bxc3+ 6. bxc3 O-O 7. e3 Nc6 8.
cxd5 exd5 9. Bd3 Re8 10. Ne2 Ne7 11. Ng3 h5 12. O-O h4 13. Nh1 Bf5 14. Nf2 Qd7
15. e4 dxe4 16. fxe4 Bg6 17. Bg5 h3 18. g4 Qc6 19. Bxf6 gxf6 20. Qd2 f5 21. d5
Nxd5 22. gxf5 Bxf5 23. Qg5+ Kf8 24. exd5 Qxd5 25. Bxf5 Re5 26. Qh6+ Ke8 27.
Qh8+ Ke7 28. Qxe5+ Qxe5 29. Rfe1 Kd6 30. Rad1+ Qd5 31. Ne4+ Kc6 32. Rxd5 Kxd5
33. Bxh3 Kc4 34. Kf2 Kb3 35. Rb1+ Kxa3 36. Rxb7 a5 37. Bf1 Rd8 38. Bc4 a4 39.
Ke2 f5 40. Nd2 Rxd2+ 41. Kxd2 c5 42. Rb1 1-0

[Event "Politiken Cup 2007"]
[Site "Helsingor"]
[Date "2007.07.21"]
[Round "1.118"]
[White "Gasenova, Ulker"]
[Black "Thomassen, Joachim"]
[Result "0-1"]
[WhiteElo "1400"]
[BlackElo "2075"]
[PlyCount "84"]
[EventDate "2007.??.??"]

1. e4 c5 2. Nf3 d6 3. d4 cxd4 4. Nxd4 Nf6 5. Nc3 a6 6. Be3 e6 7. Be2 Qc7 8. f4
b5 9. a3 Bb7 10. Qd3 Nbd7 11. Nb3 Nc5 12. Bxc5 dxc5 13. Qe3 b4 14. Na4 Bxe4 15.
Naxc5 Bxc2 16. Nxa6 Qa7 17. Qxa7 Rxa7 18. Nd4 Be4 19. O-O bxa3 20. bxa3 Bd6 21.
Rad1 Ke7 22. Rc1 Bxa3 23. Nc6+ Bxc6 24. Rxc6 Bd6 25. f5 Nd7 26. Rd1 Bf4 27. Re1
Be3+ 28. Kf1 exf5 29. Bd3 f4 30. g3 Ne5 31. Rc3 Nf3 32. Re2 Nd4 33. Re1 g5 34.
h4 h6 35. Kg2 f3+ 36. Kf1 Kd6 37. Rd1 Re8 38. Bb5 Re5 39. Rc6+ Ke7 40. Rxh6
Rxb5 41. Re1 Nf5 42. Rc6 Nxg3# 0-1

[Event "Politiken Cup 2007"]
[Site "Helsingor"]
[Date "2007.07.21"]
[Round "1.119"]
[White "Vos, Chris"]
[Black "Jørgensen, Rasmus"]
[Result "1-0"]
[WhiteElo "2071"]
[BlackElo "1399"]
[PlyCount "73"]
[EventDate "2007.??.??"]

1. e4 e5 2. Nf3 Nc6 3. Bb5 a6 4. Ba4 Nf6 5. d3 b5 6. Bb3 Bc5 7. Nc3 h6 8. a4 b4
9. Nd5 d6 10. Be3 Bxe3 11. Nxe3 Ne7 12. O-O O-O 13. d4 exd4 14. Qxd4 a5 15. e5
Nc6 16. Qf4 dxe5 17. Nxe5 Nxe5 18. Qxe5 Re8 19. Qc5 Bb7 20. Rad1 Qe7 21. Qxe7
Rxe7 22. Rd4 c5 23. Rd3 Ba6 24. Bc4 Rxe3 25. Bxa6 Rxd3 26. Bxd3 Re8 27. Rd1 g5
28. Kf1 Kg7 29. Bb5 Re5 30. Rd8 Rd5 31. Ra8 Rd2 32. Bd3 c4 33. Ke1 c3 34. bxc3
bxc3 35. Rxa5 Ng4 36. Rf5 Nxh2 37. a5 1-0

[Event "Politiken Cup 2007"]
[Site "Helsingor"]
[Date "2007.07.21"]
[Round "1.120"]
[White "Larsen, Bjarke"]
[Black "Andersen, Mads"]
[Result "0-1"]
[WhiteElo "1395"]
[BlackElo "2070"]
[PlyCount "36"]
[EventDate "2007.??.??"]

1. e4 c5 2. Nf3 d6 3. d4 cxd4 4. Nxd4 Nf6 5. Nc3 a6 6. f3 e6 7. Be3 b5 8. Qd2
Nbd7 9. O-O-O Bb7 10. g4 Nb6 11. Ndxb5 axb5 12. Bxb5+ Nfd7 13. Bxb6 Qxb6 14.
Bxd7+ Kxd7 15. Qd3 Be7 16. h4 Rhb8 17. b3 Qb4 18. g5 Rc8 0-1

[Event "Politiken Cup 2007"]
[Site "Helsingor"]
[Date "2007.07.21"]
[Round "1.121"]
[White "Eklund, Joel"]
[Black "Larsen, Alex"]
[Result "1-0"]
[WhiteElo "2067"]
[BlackElo "1336"]
[PlyCount "37"]
[EventDate "2007.??.??"]

1. d4 Nf6 2. c4 e6 3. Nc3 d5 4. cxd5 exd5 5. Bg5 Be7 6. e3 O-O 7. Bd3 c6 8. Qc2
g6 9. Nf3 Nh5 10. Bh6 Re8 11. g4 Ng7 12. h3 Bh4 13. O-O-O Bxf2 14. Qxf2 Nd7 15.
Ng5 f6 16. Rhf1 Qe7 17. Nxh7 Kxh7 18. Qh4 f5 19. Bg5+ 1-0

[Event "Politiken Cup 2007"]
[Site "Helsingor"]
[Date "2007.07.21"]
[Round "1.122"]
[White "Rolvaag, Birk Anders"]
[Black "Getz, Nicolai"]
[Result "0-1"]
[WhiteElo "1320"]
[BlackElo "2060"]
[PlyCount "110"]
[EventDate "2007.??.??"]

1. e4 e6 2. Nf3 d5 3. exd5 exd5 4. d4 Bd6 5. Bd3 Ne7 6. O-O O-O 7. Bg5 f6 8.
Bh4 Ng6 9. Nbd2 Nxh4 10. Nxh4 f5 11. Nhf3 c6 12. Re1 Nd7 13. Qe2 Nf6 14. Ne5
Ne4 15. Ndf3 Be6 16. h4 Qf6 17. c3 Rad8 18. Qc2 h6 19. h5 Rc8 20. Ng6 Rfe8 21.
Re2 Bf7 22. Nfh4 Bxg6 23. Nxg6 Qg5 24. Rae1 Qxh5 25. Ne5 Re6 26. Qb3 Bxe5 27.
dxe5 Qf7 28. Qb4 Rce8 29. c4 Qc7 30. cxd5 cxd5 31. Qd4 Qa5 32. a4 Rd8 33. Rc1
Qb6 34. Qxb6 Rxb6 35. Kh2 Rb3 36. Rd1 Rb4 37. f3 Nc5 38. Bxf5 Kf8 39. e6 Ke7
40. Rc1 b6 41. a5 d4 42. axb6 axb6 43. Ra1 Kf6 44. e7 Re8 45. g4 Rxe7 46. Rxe7
Kxe7 47. Ra7+ Kf6 48. Ra8 Rxb2+ 49. Kg3 d3 50. Rd8 d2 51. f4 g6 52. Bc8 Ne4+
53. Kh4 g5+ 54. fxg5+ hxg5+ 55. Kh5 d1=Q 0-1

[Event "Politiken Cup 2007"]
[Site "Helsingor"]
[Date "2007.07.21"]
[Round "1.123"]
[White "Mathiesen, Erik"]
[Black "Jensen, Hans Askov"]
[Result "1-0"]
[WhiteElo "2060"]
[BlackElo "1319"]
[PlyCount "53"]
[EventDate "2007.??.??"]

1. e4 e5 2. Nf3 Nc6 3. d4 Bd6 4. Bc4 exd4 5. Nxd4 Nxd4 6. Qxd4 Qe7 7. Qxg7
Qxe4+ 8. Kd1 Qxc4 9. Re1+ Be7 10. Bh6 Qd5+ 11. Nd2 Qh5+ 12. Nf3 Qxh6 13. Qxh8
Qg6 14. Nh4 Qd6+ 15. Kc1 Qh6+ 16. Kb1 Qf8 17. Qxh7 d6 18. Qd3 Be6 19. Qb5+ c6
20. Qxb7 Rc8 21. Nf3 Qg7 22. Rxe6 Rd8 23. Qxc6+ Rd7 24. Re2 Qxg2 25. a3 Nf6 26.
Ka2 d5 27. Qxf6 1-0

[Event "Politiken Cup 2007"]
[Site "Helsingor"]
[Date "2007.07.21"]
[Round "1.124"]
[White "Agdestein, Einar Døving"]
[Black "Doran, Chris"]
[Result "0-1"]
[WhiteElo "1314"]
[BlackElo "2060"]
[PlyCount "108"]
[EventDate "2007.??.??"]

1. e4 c5 2. Nf3 d6 3. d4 cxd4 4. Nxd4 Nf6 5. Nc3 g6 6. g3 Nc6 7. Bg2 Nxd4 8.
Qxd4 Bg7 9. Qd3 O-O 10. O-O Be6 11. Nd5 Nd7 12. c3 Rc8 13. Be3 Ne5 14. Qb5 b6
15. Bd4 Nc4 16. Rfd1 Bg4 17. f3 Bd7 18. Qb3 Qe8 19. a4 Be6 20. Bxg7 Kxg7 21.
Nf4 Bd7 22. Kf2 f5 23. Bf1 Ne5 24. exf5 Bxf5 25. Be2 g5 26. Ne6+ Bxe6 27. Qxe6
Rf6 28. Qb3 Qh5 29. Kg1 Nxf3+ 30. Bxf3 Qxf3 31. Qd5 Qf2+ 32. Kh1 Rc5 33. Qd2 g4
34. Qd4 Qf3+ 35. Kg1 Rcf5 36. Rf1 Qxf1+ 37. Rxf1 Rxf1+ 38. Kg2 R1f2+ 39. Kg1
Rf1+ 40. Kg2 R1f2+ 41. Kg1 h5 42. b4 Rf1+ 43. Kg2 e5 44. Qe3 Kf7 45. c4 Ke6 46.
Qd2 R6f2+ 47. Qxf2 Rxf2+ 48. Kxf2 d5 49. cxd5+ Kxd5 50. Ke3 Kc4 51. b5 Kb4 52.
Ke4 Kxa4 53. Kxe5 Kxb5 54. Kf4 a5 0-1

[Event "Politiken Cup 2007"]
[Site "Helsingor"]
[Date "2007.07.21"]
[Round "1.125"]
[White "Vigfusson, Vigfus"]
[Black "Edwardsson, Hannu Kalervo"]
[Result "1-0"]
[WhiteElo "2059"]
[BlackElo "1300"]
[PlyCount "83"]
[EventDate "2007.??.??"]

1. c4 c5 2. Nc3 e6 3. e4 d6 4. g3 Nf6 5. Bg2 Be7 6. Nge2 O-O 7. O-O Nc6 8. d3
e5 9. h3 b6 10. Be3 Bb7 11. f4 exf4 12. gxf4 h6 13. Ng3 Bc8 14. e5 Bb7 15. exf6
Bxf6 16. Qd2 Bd4 17. Bxd4 cxd4 18. Nb5 Rb8 19. Nf5 Ne7 20. Nxe7+ Qxe7 21. Bxb7
Rxb7 22. Nxd4 Qf6 23. Nb5 a6 24. Nc3 Re8 25. Qf2 Rbe7 26. Nd5 Qg6+ 27. Qg2
Qxg2+ 28. Kxg2 Re2+ 29. Rf2 R2e6 30. f5 Re5 31. Nxb6 g6 32. Nd5 Kg7 33. Raf1 g5
34. b4 h5 35. a4 f6 36. b5 axb5 37. axb5 h4 38. b6 Rb8 39. Ra1 Rb7 40. Ra7 Rxa7
41. bxa7 Re8 42. Nc7 1-0